| 000 | 00540nam a2200181 4500 | ||
|---|---|---|---|
| 001 | 125748 | ||
| 003 | ES-MaACL | ||
| 005 | 20250827062624.0 | ||
| 007 | t| | ||
| 008 | 070214s1972 sp r ||||1| spa d | ||
| 110 | 1 |
_aEspaña _93622 |
|
| 130 | 0 | 0 |
_aLeyes, etc. _9122601 |
| 245 | 1 | 0 |
_aRégimen de las Organizaciones Profesionales Sindicales _b: Decreto de 9 de noviembre de 1972. |
| 260 |
_aMadrid : _b[s. n.], _c1972 ( _fImp. Ferreira) |
||
| 300 |
_a60 p. ; _c20 cm. |
||
| 852 |
_aES-MaACL _jC-48962 _bR.84160 |
||
| 999 |
_c125748 _d125748 |
||